000 00292nam a2200145Ia 4500
100 _aSavitch/Walter
942 _cBK
654 _aC++
245 _aProblem solving with C++
260 _bAddison Wesly
_c1995
082 _a5.133
_bSAV
300 _a807
546 _aENGLISH
999 _c20630
_d20630